000 00921cam a2200301 4500
001 1306592
003 DO-SdBNP
005 20180202143727.0
007 1306592
008 711217s1971 nyu a j 000 1 eng
010 _a
020 _a
040 _aBPMSU
_cspa
_dBPMSU
042 _a
050 0 0 _a
_b
082 0 0 _a
100 1 _aBulla, Clyde Robert.
245 1 0 _aPocahontas and the strangers /
_cClyde Robert Bulla ; Ilustrated by Peter Burchard.
260 _aNew York :
_bScholastic Book Services,
_bCrowell,
_c1971.
300 _a180 p.;
_bil.,
_c22 cm.
350 _a$3.95
520 _aA fictionalized account of the life of Pocahontas woven about the few facts known from historical records.
600 0 0 _aPocahontas,
_d-1617
_xJuvenile fiction.
700 1 2 _aBurchard, Peter,
_eil.
942 _2ddc
_cBK
945 _aInventariado, 2018 /LP
956 _2VMATEO
_310
_620160308
_8BPMSU
_a00151
999 _c9147
_d9147